CHILDHOOD AND GROWING UP (Record no. 12761)
[ view plain ]
| 000 -LEADER | |
|---|---|
| fixed length control field | 00286nam a22001337a 4500 |
| 003 - CONTROL NUMBER IDENTIFIER | |
| control field | SGT |
| 082 ## - DEWEY DECIMAL CLASSIFICATION NUMBER | |
| Classification number | 618.92 |
| Item number | C15M |
| 100 ## - MAIN ENTRY--PERSONAL NAME | |
| Personal name | MANGAL, S.K. |
| 245 ## - TITLE STATEMENT | |
| Title | CHILDHOOD AND GROWING UP |
| 260 ## - PUBLICATION, DISTRIBUTION, ETC. (IMPRINT) | |
| Place of publication, distribution, etc | LUDHIANA |
| Name of publisher, distributor, etc | TANDON PUB |
| Year of Publication | 2015 |
| 300 ## - PAGE DESCRIPTION | |
| No. of Pages | 518 |
| 650 ## - SUBJECT ADDED ENTRY--TOPICAL TERM | |
| Topical term or geographic name as entry element | EDUCATION |
| 942 ## - ADDED ENTRY ELEMENTS (KOHA) | |
| Source of classification or shelving scheme | Dewey Decimal Classification |
| Koha item type | Books |
| 942 ## - ADDED ENTRY ELEMENTS (KOHA) | |
| -- | 6 |
| Withdrawn status | Lost status | Source of classification or shelving scheme | Damaged status | Not for loan | Collection code | Home library | Current library | Shelving location | Date acquired | Vendor Name | Cost, normal purchase price | SGTU | Bill Number | Total Checkouts | Full call number | Accession No. (Barcode) | Date last seen | Date last borrowed | Bill Date | Koha item type |
|---|---|---|---|---|---|---|---|---|---|---|---|---|---|---|---|---|---|---|---|---|
| Dewey Decimal Classification | EDUCATION | SGT Engineering Library | SGT Engineering Library | Text Book | 26/07/2017 | ONS BOOK | 425.00 | SGTU | ONS/GTT/01-16-17 | 16 | 618.92 C15M | ED3256 | 23/11/2019 | 11/11/2019 | 24/03/2017 | Books | ||||
| Dewey Decimal Classification | EDUCATION | SGT Engineering Library | SGT Engineering Library | Text Book | 26/07/2017 | ONS BOOK | 425.00 | SGTU | ONS/GTT/01-16-17 | 9 | 618.92 C15M | ED3257 | 11/01/2025 | 11/01/2025 | 24/03/2017 | Books | ||||
| Dewey Decimal Classification | EDUCATION | SGT Engineering Library | SGT Engineering Library | Text Book | 26/07/2017 | ONS BOOK | 425.00 | SGTU | ONS/GTT/01-16-17 | 2 | 618.92 C15M | ED3258 | 11/01/2025 | 08/01/2025 | 24/03/2017 | Books |